The Solar cycle (Record no. 18765)
[ view plain ]
| 000 -LEADER | |
|---|---|
| fixed length control field | 00669nam a2200205Ia 4500 |
| 003 - CONTROL NUMBER IDENTIFIER | |
| control field | IN-BaIIA |
| 008 - FIXED-LENGTH DATA ELEMENTS--GENERAL INFORMATION | |
| fixed length control field | 211028s9999 xx 000 0 eng d |
| 040 ## - CATALOGING SOURCE | |
| Transcribing agency | IIA Library |
| 080 ## - UNIVERSAL DECIMAL CLASSIFICATION NUMBER | |
| Universal Decimal Classification number | 523.98 |
| Item number | JAV |
| 245 #4 - TITLE STATEMENT | |
| Title | The Solar cycle |
| Statement of responsibility, etc. | edited by J. Javaraiah, J. P. Rozelot and Luca Bertello |
| 260 ## - PUBLICATION, DISTRIBUTION, ETC. | |
| Place of publication, distribution, etc. | New York |
| Name of publisher, distributor, etc. | Hindawi Publishing |
| Date of publication, distribution, etc. | 2012 |
| 300 ## - PHYSICAL DESCRIPTION | |
| Extent | [various pagings.] |
| 500 ## - GENERAL NOTE | |
| General note | Special issue on the solar cycle published in Advances in Astronomy, Vol. 2012 |
| 650 ## - SUBJECT ADDED ENTRY--TOPICAL TERM | |
| Topical term or geographic name entry element | Astrophysics |
| 9 (RLIN) | 794 |
| 650 ## - SUBJECT ADDED ENTRY--TOPICAL TERM | |
| Topical term or geographic name entry element | Solar physics |
| 700 ## - ADDED ENTRY--PERSONAL NAME | |
| Personal name | Bertello, Luca., eds. |
| 9 (RLIN) | 35905 |
| 700 ## - ADDED ENTRY--PERSONAL NAME | |
| Personal name | Javaraiah, J., ed. |
| 9 (RLIN) | 26695 |
| 700 ## - ADDED ENTRY--PERSONAL NAME | |
| Personal name | Rozelot, J. P., ed. |
| 9 (RLIN) | 24646 |
| 942 ## - ADDED ENTRY ELEMENTS (KOHA) | |
| Koha item type | Books |
| 952 ## - LOCATION AND ITEM INFORMATION (KOHA) | |
| -- | 30 |
| Withdrawn status | Lost status | Damaged status | Not for loan | Home library | Current library | Shelving location | Date acquired | Total Checkouts | Total Renewals | Full call number | Barcode | Date last seen | Date last checked out | Price effective from | Koha item type |
|---|---|---|---|---|---|---|---|---|---|---|---|---|---|---|---|
| IIA Library-Bangalore | IIA Library-Bangalore | General Stacks | 10/07/2013 | 1 | 1 | 523.98/ JAV | 19687 | 30/03/2023 | 10/01/2022 | 10/07/2013 | Books |